LEADER 02214nam a2200433 a 4500
001 15739032
003 BD-DhAAL
005 20250305115356.0
008 090515s2009 bg a b 000 0 eng
010 |a  2009311490 
020 |a 9843000028237 
025 |a B-E-2009-311490; 22 
037 |b Library of Congress -- New Delhi Overseas Office  |c Rs350.00 
040 |a DLC  |c DLC  |d DLC  |d BD-DhAAL 
042 |a lcode 
043 |a a-ii--- 
050 0 0 |a HC424.Z9  |b P62236 2009 
082 |a 338.95493  |2 22 
245 0 0 |a Economic and political empowerment of the poor--Sri Lanka /  |c Ganga Tilakaratna ... [et al.]. 
260 |a Dhaka :  |b Centre for Policy Dialogue :  |b South Asia Centre for Policy Studies,  |c 2009. 
300 |a xvi, 223 pages :  |b illustrations ;  |c 25 cm. 
490 0 |a CPD-SACEPS monograph series ;  |v 3 
504 |a Includes bibliographical references (p. [219]-223). 
541 |a Complimentary copy from The Centre for Policy Dialogue (CPD)  |e 44201, 44202 
650 0 |a Poor  |x Government policy  |z Sri Lanka.  |9 57868 
650 0 |a Poverty  |z Sri Lanka.  |9 57872 
650 0 |a Economic development  |x Political aspects  |z Sri Lanka.  |9 57873 
650 0 |a Infrastructure (Economics)  |x Government policy  |z Sri Lanka.  |9 57874 
650 0 |a Economic development  |z Sri Lanka.  |9 57875 
651 |a Sri Lanka  |x Economic policy.  |9 57877 
651 |a Sri Lanka  |x Economic conditions.  |9 57879 
700 1 |a Tilakaratna, Ganga.  |9 57869 
710 2 |a Centre for Policy Dialogue (Bangladesh) 
710 2 |a South Asia Centre for Policy Studies.  |9 51095 
852 |a Ayesha Abed Library  |c General Stacks 
942 |2 ddc  |c BK 
999 |c 47247  |d 47247 
952 |0 0  |1 0  |2 ddc  |4 0  |6 338_954930000000000_ECO  |7 0  |9 77426  |a BRACUL  |b BRACUL  |c GEN  |d 2025-03-04  |e Complimentary copy from The Centre for Policy Dialogue (CPD)  |g 350.00  |l 0  |o 338.95493 ECO  |p 3010044201  |r 2025-03-04  |t 1  |w 2025-03-04  |y BK  |x Complimentary copy from The Centre for Policy Dialogue (CPD) 
952 |0 0  |1 0  |2 ddc  |4 0  |6 338_954930000000000_ECO  |7 0  |9 77427  |a BRACUL  |b BRACUL  |c GEN  |d 2025-03-04  |e Complimentary copy from The Centre for Policy Dialogue (CPD)  |g 350.00  |l 0  |o 338.95493 ECO  |p 3010044202  |r 2025-03-04  |t 2  |w 2025-03-04  |y BK  |x Complimentary copy from The Centre for Policy Dialogue (CPD)